Balatro Boss Blinds - Statistics

General Stats
  • This quiz has been taken 31 times
  • The average score is 14 of 28
Answer Stats
Hint Answer % Correct
all face cards debuffed the plant
83%
play only 1 hand the needle
74%
extra large blind the wall
74%
forces 1 card to always be selected cerulean bell
65%
must play 5 cards the psychic
65%
all cards debuffed until 1 joker sold verdant leaf
65%
one random joker disabled every hand crimson heart
61%
playing a (most played hand) sets money to 0 the ox
61%
start with 0 discards the water
61%
very large blind violet vessel
61%
base chips and mult are halved the flint|flint
57%
after play or discard, always draw 3 cards the serpent
57%
flips and shuffles all joker cards amber acorn
52%
all clubs are debuffed the club
52%
-1 hand size the manacle
52%
play only 1 hand type this round the mouth
52%
decrease level of poker hand played the arm
48%
cards drawn face down after each hand played the fish
48%
cards played previously this ante are debuffed the pillar
48%
no repeat hand types this round the eye
43%
all spades are debuffed the goad
43%
all hearts are debuffed the head
43%
discards 2 random cards per hand the hook
43%
all face cards are drawn face down the mark|mark
39%
lose $1 per played card the tooth
39%
all diamonds are debuffed the window
30%
1 in 7 cards drawn face down thewheel
26%
first hand is drawn face down the hosue
0%
No matching quizzes found
Score Distribution
Percent of People with Each Score
Percentile by Number Answered
Your Score History
You have not taken this quiz